[Event "Rijeka Liburnija 1st"]
[Site "Rijeka"]
[Date "2005.04.15"]
[Round "5"]
[White "Jurkovic, Hrvoje"]
[Black "Jankovic, Alojzije"]
[Result "1-0"]
[WhiteElo "2431"]
[BlackElo "2480"]
[Annotator "Rogozenco,D"]
[PlyCount "55"]
[EventDate "2005.04.11"]
[EventType "tourn"]
[EventRounds "11"]
[EventCountry "CRO"]
[EventCategory "10"]
[SourceTitle "CBM 107"]
[Source "ChessBase"]
[SourceDate "2005.08.01"]
[SourceVersion "1"]
[SourceVersionDate "2005.08.01"]
[SourceQuality "1"]

1. e4 c5 2. c3 Nf6 3. e5 Nd5 4. d4 cxd4 5. Nf3 Nc6 6. cxd4 d6 7. Bc4 e6 8. O-O
Be7 9. Qe2 O-O 10. Qe4 a6 {This move is not bad, but it should not be
connected automatically with the plan ...b5 and ...Bb7 - a plan with serious
drawbacks explained below.  White's main idea in such positions is to attack
pawn h7 (Bd3 plus Qe4) and thus provoke the move g7-g6. After that he will
have a clear and easy-to-implement attacking plan: to advance the h-pawn. In
that case for Black will be important to create counterplay on the queenside,
but without weaknesses in White's camp it will be difficult for Black to find
targets for attack. All this means that without queenside counterplay, Black
should avoid the advance ...g7-g6. The only way to avoid it is to play ...
f7-f5 and after e5xf6 to take back with the knight, thus protecting pawn h7.
For such a plan Black needs his bishop on c8 or d7 in order to protect pawn e6.
That's why Black's plan from the present game to place the light-squared
bishop on the long diagonal is not optimal and White's play demonstrates the
mentioned drawbacks.} (10... Bd7 11. Bd3 (11. Re1 Rc8 12. Nbd2 b5 $1 13. Bb3
Na5 14. exd6 Bxd6 15. Bxd5 exd5 16. Qxd5 Bc6 17. Qg5 Qxg5 18. Nxg5 Rfe8 $44 {
0-1 Piber,V-Pavasovic,D (2502)/Nova Gorica 1999 (25)}) 11... f5 12. exf6 Nxf6 {
offers Black good play}) 11. Re1 (11. Bd3 f5 12. exf6 Nxf6 $11) 11... b5 ({
I think more reliable is} 11... Qc7 12. Bd3 f5 13. exf6 Nxf6 {with approximate
equality}) 12. Bd3 g6 {Forced now} (12... f5 $2 13. exf6 Nxf6 14. Qxc6 $18) 13.
Bh6 Re8 14. a3 (14. Nbd2 dxe5 15. dxe5 Ndb4 16. Bb1 Bb7 17. Qf4 Nd5 18. Qg3 Bf8
19. Bxf8 Rxf8 20. Ne4 $16 Ra7 21. h4 (21. Nfg5 $1 $40 {[%csl Rh7][%cal Gg3h3]})
21... Nce7 22. Nd6 Nc8 23. Nxb7 Rxb7 24. h5 Nce7 25. hxg6 (25. Be4 $142 $16 {
[%cal Ga1d1]}) 25... hxg6 26. Ng5 Kg7 27. Be4 Rh8 {A rare case when Black
tricked his opponent and is using the h-file in his favour. However, White is
better thanks to his very active pieces.} 28. Rad1 Rd7 29. Qg4 Rh5 $14 30.
Nxe6+ $1 fxe6 31. Qxe6 Rh6 32. Rd3 g5 33. Qg4 Nc6 34. e6 $2 ({Difficult to
szay why not the logical} 34. Red1 Nxe5 35. Rxd5 Rxd5 (35... Nxg4 36. Rxd7+ $16
) 36. Rxd5 Nxg4 37. Rxd8 Re6 38. f3 Nf6 {and the question is whether Black can
escape with a draw or not}) 34... Ne5 35. Rxd5 Rxd5 36. Qf5 Rc5 37. b4 Nf3+ $2
(37... Qd2 38. Rf1 Qxb4 39. Qxg5+ Ng6 $19) 38. Qxf3 Rc7 39. Qg3 $2 Rxe6 40. Qh3
Rh6 41. Qg3 Re6 42. Qg4 Qf6 $17 {0-1 Palac,M (2565)-Milanovic,D (2428)/Neum
2004 (48)}) 14... Bb7 15. Nbd2 dxe5 16. dxe5 Nb6 17. Bb1 (17. Rad1 Nb4 $1 18.
Qxb7 Nxd3 19. Ne4 Nc4 $13) 17... Qc7 18. Qg4 Rad8 19. h4 {In spite of having
the rook on a1, White is better because of the kingside attack. As mentioned
above, Black has difficulties to find counterplay.} Rd5 $2 {Wrong idea, since
it does nbot work tactically.} (19... Nd7 20. Qg3 Nc5 21. h5 $16) (19... Bf8
$142 20. Bxf8 Rxf8 21. Ne4 $14) 20. h5 $1 {Now Black is in troubles.} Nxe5 21.
Nxe5 Rxe5 22. Rxe5 Qxe5 23. hxg6 f5 ({It turns out that} 23... hxg6 {loses
because of the simple} 24. Bxg6 $18) (23... Bd6 24. Nf1 Nd5 (24... hxg6 25.
Bxg6 $18) 25. gxf7+ Kxf7 26. Bxh7 $16) 24. Qh5 Rd8 25. Ba2 $1 Nd5 26. Nf3 Qf6 (
26... Qxb2 27. Re1 Qxa2 28. gxh7+ Kh8 29. Qg6 $18) 27. gxh7+ Kh8 28. Ng5 1-0

[Event "Petrov Memorial op"]
[Site "St Petersburg"]
[Date "2000.02.16"]
[Round "9"]
[White "Alekseev, Evgeny V"]
[Black "Aseev, Konstantin N"]
[Result "1/2-1/2"]
[WhiteElo "2475"]
[BlackElo "2517"]
[Annotator "Rogozenco,D"]
[PlyCount "114"]
[EventDate "2000.02.05"]
[EventType "swiss"]
[EventRounds "9"]
[EventCountry "RUS"]
[SourceTitle "CBM 076"]
[Source "ChessBase"]
[SourceDate "2000.05.31"]
[SourceVersion "1"]
[SourceVersionDate "2000.05.31"]
[SourceQuality "1"]

1. e4 c5 2. c3 Nf6 3. e5 Nd5 4. d4 cxd4 5. Nf3 Nc6 6. Bc4 Nb6 7. Bb3 d5 8. exd6
Qxd6 9. O-O Be6 10. Na3 dxc3 11. Qe2 Bxb3 12. Nb5 Qb8 13. axb3 g6 $5 {
Interesting attempt to improve Black's play. This idea was first played by
Kotronias and I think it's at least not worse than usual 13. ... e5.} (13... e5
14. bxc3 (14. Nbd4 f6 15. bxc3 Be7 16. Nf5 O-O 17. N3h4 Rf7 18. Qg4 Kh8 19. Be3
Bf8 20. Rfd1 Qe8 21. b4 Nc8 22. b5 {1/2-1/2 Nadyrhanov,S-Brodsky,M/Krasnodar
RUS 1999}) 14... Be7 15. Bg5 a6 16. Bxe7 Nxe7 17. Nxe5 O-O 18. Nd4 Ng6 19. Nxg6
hxg6 20. Rfe1 Re8 21. Qf3 Qc7 22. c4 Nd7 23. Re3 Rxe3 24. Qxe3 Qe5 $11 {
1/2-1/2 Onischuk,A-Nijboer,F/Wijk aan Zee 1996 (41)}) (13... e6 $5 14. g3 e5 {
Similar to 13. ... e5, but the move g2-g3 can reduce from White's attacking
potential (no possibility to use 3rd rank for the Rooks).} 15. bxc3 Be7 16. Bg5
Bxg5 17. Nxg5 h6 18. Ne4 O-O 19. Rfd1 Rd8 20. Nbd6 Qc7 21. Qh5 Qe7 22. Nf5 Qf8
23. g4 Ne7 24. Nxe7+ Qxe7 25. g5 Nd5 26. gxh6 Nf4 27. Qg4 g6 28. Ng5 Qxg5 {
0-1 Van den Doel,E-Van der Weide,K/Groningen NED 1999}) 14. Be3 (14. Rd1 $6 Bg7
15. bxc3 O-O 16. Qe4 a6 17. Nbd4 Nxd4 18. cxd4 Qc7 $17 {0-1 Rechel,B-Kotronias,
V/Metz 1998/ (52)}) 14... Nc8 (14... Nd5 {Rechel}) 15. Ra4 Bg7 16. Bf4 e5 17.
Nxe5 Nxe5 18. Bxe5 Bxe5 19. f4 O-O 20. fxe5 cxb2 21. Raf4 (21. Qxb2 a6 22. Na3
Ne7 23. Raf4 b5 $5 $17) 21... Nb6 $2 (21... f5 $1 22. Qxb2 (22. exf6 $2 Qxf4
23. Rxf4 b1=Q+ $19) 22... a6 23. Na3 Re8 24. Re1 Nd6 $17) 22. Qxb2 {Now White
has very good compensation for the pawn. In fact Black cannot protect f7 pawn.}
Nd5 23. R4f3 Qc8 24. Nd6 Qe6 25. Nxf7 Rae8 26. Qd2 $16 b5 27. Qh6 (27. Nh6+ Kg7
28. Rf7+ Rxf7 29. Rxf7+ Kh8 30. Rxa7 Rf8 31. Rb7 Nf4 32. h3 Qxb3 33. Ng4 $16) (
27. b4 $16) 27... Qb6+ 28. Kh1 Re7 29. Ng5 $2 (29. Qd2 $16) 29... Rxf3 30. Rxf3
Qb8 $2 (30... Nf6 $1 31. Ne4 (31. h3 $2 Rxe5) 31... Nd7) 31. e6 (31. Ne6 $3 {
[%mdl 64]} Rxe6 32. Rf7 $3 {Using the unprotected position of black Queen.}
Kxf7 33. Qxh7+ Ke8 34. Qg8+ Kd7 35. Qxb8 $18) 31... Nf4 {This was probably in
the mutual time trouble, as there are plenty of tactical mistakes.} 32. Ne4 $2
(32. g3 Nxe6 33. Nxh7 Rxh7 34. Qxg6+ Kh8 35. Qxe6 $18) 32... Nxe6 33. h3 Qc8
34. Nf6+ Kh8 35. Rg3 Nf8 (35... Nd4 $1 36. Rxg6 $140 $2 Nf5 37. Qh5 Re1+ 38.
Kh2 Qc7+ 39. g3 Qc2+ {and mate.}) 36. Qd2 Qe6 37. Qf4 Qe5 38. Qh4 Qe1+ 39. Kh2
Qe5 40. Ng4 Qd6 41. Qg5 b4 42. h4 Nd7 43. h5 Nc5 44. Qh6 Rg7 45. Nf2 Ne6 46.
Qc1 Qc5 47. Qe1 Qxh5+ 48. Rh3 Qd5 49. Rd3 Qc6 50. Qe5 Qc7 51. Rd6 Nd8 52. Qe8+
Rg8 53. Qe5+ Rg7 54. Qe8+ Rg8 55. Qe5+ Rg7 56. Qe8+ Rg8 57. Qe5+ Rg7 1/2-1/2

[Event "Gausdal GM-A"]
[Site "Gausdal"]
[Date "2005.04.13"]
[Round "1"]
[White "Tiviakov, Sergei"]
[Black "Carlsen, Magnus"]
[Result "1-0"]
[WhiteElo "2631"]
[BlackElo "2548"]
[Annotator "Rogozenco,D"]
[PlyCount "121"]
[EventDate "2005.04.13"]
[EventType "tourn"]
[EventRounds "9"]
[EventCountry "NOR"]
[EventCategory "10"]
[SourceTitle "CBM 107"]
[Source "ChessBase"]
[SourceDate "2005.08.01"]
[SourceVersion "1"]
[SourceVersionDate "2005.08.01"]
[SourceQuality "1"]

1. e4 c5 2. c3 Nf6 3. e5 Nd5 4. Nf3 Nc6 5. Bc4 Nb6 6. Bb3 d5 7. exd6 Qxd6 8.
Na3 {A tricky move order, which became quite popular thanks to E.Sveshnikov,
who implemented it in the middle of 1990-es} ({After} 8. O-O Be6 9. d4 cxd4 10.
Na3 {the easiest way to solve all the problems is} dxc3 $1 ({In case of} 10...
Bxb3 11. Qxb3 {we reach same position from the variation 8.Na3 Be6, see below.}
)) ({In case of} 8. d4 cxd4 9. Na3 {the best is again} dxc3 $1 $11 ({although
playable is also} 9... a6 10. O-O)) 8... e6 {This novelty is not so bad, but
Black restricts his possibilities, since he will have to play ...a6 anyway.
Therefore if Black didn't want 8...Be6, then it made sense to start with 8...
a6 and later to choose if play ...e6 or develop the bishop to f5, for instance.
However, soon it will become clear that Carlsen wanted to do without ...a6,
which doesn't work out well for Black.} (8... Be6 $142 9. d4 ({Less precise is
} 9. O-O Bxb3 10. Qxb3 ({or} 10. axb3 Qd3) 10... Qd3 $1) ({Or} 9. Nb5 Qd7 10.
Bxe6 (10. d4 Bxb3 11. axb3 (11. Qxb3 $2 Na5) 11... a6 $1) 10... Qxe6+ 11. Qe2
Qxe2+ 12. Kxe2 Rc8 $11) 9... Bxb3 ({Starting with} 9... cxd4 {offers White an
additional possibility} 10. Nb5 Qd7 11. Bxe6 Qxe6+ 12. Be3 $1) 10. Qxb3 cxd4
11. O-O {Now we can see the advantage of 8.Na3. White avoided 10...dxc3, see
the variation 8.0-0. However, even here Black is able to keep equality:} ({
Another way is} 11. Nb5 Qd7 12. Nbxd4 Nxd4 13. Nxd4 e6 14. O-O Be7 15. Rd1 O-O
$1 {and Black will neutralize White's slight initiative.}) 11... e6 12. Rd1 (
12. Nb5 Qd7 13. Nbxd4 Bc5 $11 ({or} 13... Nxd4 14. Nxd4 Be7 15. Rd1 O-O {
which is the same as 11.Nb5})) 12... Qd5 13. Nb5 Qxb3 ({Also possible is} 13...
Rc8 14. Nbxd4 Nxd4 15. Nxd4 (15. Rxd4 Qxb3 16. axb3 a6 17. b4 {White is
slightly better according to Cuban GM R.Vera. Black looks pretty okay to me
after the simple 17...Be7.}) 15... Bc5 (15... Qxb3 16. axb3 a6 17. b4 $14) 16.
Qb5+ Qd7 (16... Ke7 17. Qe2 $36) 17. Qe2 Qe7 {+/=/=}) 14. axb3 Rd8 15. Nbxd4
Nxd4 16. Rxd4 Rxd4 17. Nxd4 a6 18. b4 e5 (18... Kd7 $5 19. b5 axb5 20. Ra7 Bc5
$1 21. Rxb7+ Kc8 22. Rxf7 Bxd4 23. cxd4 Rd8 {and soon Black achieved a draw in
Charbonneau-Dominguez, Oropeza del Mar, 1999}) 19. Nb3 Kd7 20. b5 axb5 21. Ra7
Kc8 22. Be3 Nc4 23. Ra8+ Kc7 24. Bc5 Nd6 {Here the draw was agreed in the game
Magem-Romero, Spain 1997. White could play for a long-term compensation with}
25. Bxd6+ {Otherwise Black plays 25...Nc8} Kxd6 26. Na5 Kc7 27. b4 $1 $44) (
8... a6 9. d4 cxd4 10. O-O {transposes into a variation, which arises more
often when White plays d2-d4 first, and later Na3. With the present move order
White avoided ...dxc3 (without ...a6), which usually equalizes easily (see 8.
d4).} e6 (10... Bf5 $13) (10... Be6 $14)) 9. d4 (9. Nb5 Qd8 10. d4 a6 11. dxc5
Bxc5 12. Qxd8+ Kxd8 $11) (9. O-O Be7 (9... a6 $5) 10. d4 cxd4 11. Nb5 Qd8 12.
Nbxd4 Nxd4 13. Nxd4 O-O $14) 9... Be7 $2 (9... a6 $1 10. O-O cxd4 $14 {/=}) (
9... cxd4 10. Nb5 Qb8 (10... Qd8 $2 11. Bf4 $18) 11. Nbxd4 $14) 10. Nb5 $1 Qd8
$2 {In such a position two mistakes in a row are fatal.} (10... Qb8 11. dxc5
Bxc5 12. Be3 Bxe3 13. Nd6+ Ke7 14. Nxc8+ Rxc8 15. fxe3 $14 {(Tiviakov)}) 11.
dxc5 Bxc5 (11... Qxd1+ {loses at once after both 12.Kxd1 and 12.Bxd1, since
Black is losing material in view of the threat Nc7+.}) 12. Qxd8+ Kxd8 13. Bf4
a6 (13... Ke7 14. Ng5 a6 15. Nc7 Ra7 16. Ne4 Nd7 17. Bg5+ $18) 14. Rd1+ Bd7 (
14... Ke7 $142 15. Nc7 Ra7 16. Ng5 Na8 17. Ne4 $16 {(Tiviakov)}) 15. Nc7 {
White starts a forced operiation, which wins material.} ({Good is also} 15. Nd6
Bxd6 16. Bxd6 $16) 15... Rc8 16. Ng5 e5 (16... Ke7 17. Ne4 e5 18. Nxc5 Rxc7 19.
Be3 Nc8 20. Rxd7+ Rxd7 21. Nxd7 Kxd7 22. Bxf7 $18) 17. Nd5 Nxd5 18. Nxf7+ Ke7
19. Rxd5 exf4 20. Rxc5 (20. Nxh8 $1 b6 21. O-O $1 $18 {(Tiviakov)}) 20... Rhf8
21. Ng5 Rf5 22. Rxf5 Bxf5 23. O-O Kf6 24. Nf3 {White is a pawn up and Tiviakov
gradually converted it into a full point.} Re8 25. Rd1 Re2 26. Rd6+ Ke7 27. Rd2
Rxd2 28. Nxd2 Ne5 29. g3 g5 30. gxf4 gxf4 31. Bd5 b6 32. Kg2 Bg4 33. b4 Kd6 34.
Be4 h6 35. Nf3 Nxf3 36. Bxf3 Be6 37. a3 Ke5 38. Bb7 a5 {In order to win White
needs either to create a passed pawn on the queenside, or penetrate with the
king to c4. In any case he must bring the king to the queenside first.} 39. Kf3
Bd7 40. Be4 Ba4 41. Bd3 Bd7 42. Bf1 Be6 43. Bb5 Bf5 44. Ke2 Be4 45. Kd2 Bf5 46.
Bd3 {As long as Black can meet c3-c4 with the answer ...Ke5-d4, White cannot
advance the c-pawn.} Be6 47. Kc2 Bf7 48. Bf1 Be6 (48... Bg6+ 49. Kb3 Be8 50.
bxa5 bxa5 51. Kc4 $18) 49. Kd3 Bf7 50. c4 axb4 51. axb4 Bg6+ 52. Kc3 Be4 53. c5
bxc5 54. bxc5 Bc6 (54... Kd5 55. Kb4 Kc6 56. Kc4 $18) 55. Kb4 Bd5 56. Kb5 Ke4
57. Be2 f3 58. Bc4 Ba8 59. c6 Kd4 60. c7 Bb7 61. Be6 1-0

[Event "Rijeka Liburnija 1st"]
[Site "Rijeka"]
[Date "2005.04.11"]
[Round "1"]
[White "Pavasovic, Dusko"]
[Black "Jurkovic, Hrvoje"]
[Result "1-0"]
[WhiteElo "2593"]
[BlackElo "2431"]
[Annotator "Rogozenco,D"]
[PlyCount "81"]
[EventDate "2005.04.11"]
[EventType "tourn"]
[EventRounds "11"]
[EventCountry "CRO"]
[EventCategory "10"]
[SourceTitle "CBM 107"]
[Source "ChessBase"]
[SourceDate "2005.08.01"]
[SourceVersion "1"]
[SourceVersionDate "2005.08.01"]
[SourceQuality "1"]

1. e4 c5 2. c3 d5 3. exd5 Qxd5 4. d4 Nf6 5. Nf3 e6 6. Be3 cxd4 7. cxd4 Bb4+ 8.
Nc3 O-O ({Another plan is to play against isolani:} 8... Qa5 {For instance:} 9.
Qb3 (9. Rc1 $5 Qxa2 $13) (9. Qc2 Nbd7 $5 10. Bd3 b6 $13) (9. Bd2 O-O 10. Bd3
Nc6 11. O-O Bd7 12. Re1 Rfd8 13. a3 Be7 14. Qe2 Be8 $11 {Vajda L.-Portisch,
Hungary 2002}) 9... O-O ({Black should not insist with} 9... Ne4 {in view of
the simple} 10. Rc1) 10. Bd3 b6 11. O-O Ba6 12. Ne4 Be7 $11) (8... Bd7 $5 {
[%cal Gd7b5]} 9. a3 (9. Bd3 Bb5 $11) 9... Bxc3+ 10. bxc3 O-O (10... Bb5 $2 11.
c4 $18) 11. c4 (11. Bd3 Bb5 $11) 11... Qa5+ $13 (11... Qd6 12. Bd3 $5)) 9. a3
$5 {A rare move, designed to prevent the swap of light-squared bishops. Other
options didn't promise White an advantage in the practice.} (9. Bd3 b6 10. O-O
Bxc3 11. bxc3 Ba6 $11) (9. Be2 Bd7 (9... b6 10. Ne5 $36 {[%cal Ge2f3]}) 10. Ne5
(10. O-O Bxc3 11. bxc3 Bb5 $11) 10... Bc6 11. Bf3 Qa5 $11) 9... Bxc3+ 10. bxc3
b6 (10... Bd7 {transposes to 8...Bd7 9.a3.}) 11. c4 (11. Bd3 Ba6 $11) 11... Qd6
(11... Qa5+ 12. Bd2 $13) 12. Be2 (12. Bd3 Bb7 13. O-O (13. Ne5 Bxg2 (13... Nc6
$11) 14. Rg1 Bb7 15. Bh6 g6 16. Bxf8 Kxf8 $44) 13... Be4 14. Be2 Nc6 $132 {
[%csl Rd4][%cal Gf8d8,Ga8c8]}) (12. Qd2 Nbd7 13. Bf4 Qc6 14. Be2 Bb7 15. O-O
Rfe8 16. a4 e5 17. d5 Qc7 18. Be3 Ne4 19. Qb2 a5 $5 20. Nd2 Nxd2 21. Qxd2 Ba6
22. Rab1 Qd6 23. Rfc1 Rec8 24. f4 $14 {1/2-1/2 Pavasovic,D (2593)-Vukic,M 
(2468)/Rijeka 2005 (38)}) 12... Bb7 13. O-O Nbd7 ({Worth considering is} 13...
Ng4 {although White's chances seem to be slightly preferable. For instance:}
14. Qd2 $1 Bxf3 15. Bf4 e5 16. Bxf3 Nc6 17. dxe5 (17. c5 bxc5 18. dxc5 Qe6 19.
Rfe1 $44) (17. Bxg4 $6 exf4 18. d5 Na5 19. Qd3 Nb7) 17... Qxd2 18. Bxd2 Ngxe5
19. Bd5 $14) 14. Qd2 {White achieved his task - he kept the light-squared
bishops on the board. In the next stage the Slovenian GM implemnts one of the
standards plans in such pawn formations - the advance of the a-pawn in order
to create some pressure on the queenside. Nevertheless Black's position is
very solid and the position is rather balanced.} Rac8 15. Bf4 Qc6 {The queen
is rather misplaced on c6.} ({Preferable was} 15... Qe7 {and Black has a
perfectly playable position:} 16. Rfc1 (16. a4 $2 {runs here into} Bxf3 $1 {
[%csl Rc4]} 17. Bxf3 (17. gxf3 e5 $132) 17... Rxc4 $17) (16. Qb4 Rfe8 17. Bd6
Qd8 {[%cal Gf6e4]} 18. a4 Ne4 19. Bf4 Qf6 20. Be3 e5 $13) 16... Rfd8 17. Qb4 (
17. a4 e5 $1 18. Bg5 (18. dxe5 Nxe5 19. Qe3 Nfg4 $36) 18... Bxf3 19. Bxf3 Nc5
20. Bxf6 Qxf6 21. dxe5 Qxe5 $15) 17... Qe8 18. a4 Nb8 {[%csl Rc4][%cal Gb8c6,
Gc6a5]} (18... Bxf3 19. Bxf3 e5 20. Re1 $36) 19. a5 $5 (19. Bg5 Bxf3 20. Bxf3
Rxd4) 19... Nc6 20. Qb2 Nxa5 21. c5 $44 {[%csl Rd5] /=}) 16. a4 Rfd8 (16...
Rfe8 $5 17. a5 Ne4 (17... e5 18. d5 Qd6 19. Be3 $14) 18. Qe3 Nd6 $14) 17. a5 e5
{It's difficult to do without this advance, but the resulting position favors
White anyway.} (17... Ne4 18. Qe3 Nd6 {[%csl Rc4]} 19. d5 exd5 20. Nd4 {
The queen's position on c6 always creates tactical possibilities for White.}
Qc5 21. Bxd6 Qxd6 22. Nf5 $16 {[%cal Gf5e7]}) 18. d5 Qd6 19. Be3 Ng4 20. Rfb1 {
White should not hurry to take on b6, which will offer Black the possibility
to trade later the rooks on the a-file, thus reducing from White's pressure.}
Nxe3 21. Qxe3 {White has a pleasant advantage. Besides the pressure on the
queenside, he will soon start the initiative on the opposite wing, using the
newly created weaknesses of the light squares.} f6 (21... Re8 22. Ng5 h6 23.
Ne4 Qc7 24. Bg4 $16) 22. h4 $5 (22. Nd2 f5) 22... Nc5 23. h5 Rc7 24. Nh4 {
[%csl Re6,Rf5][%cal Ge2g4]} Bc8 25. axb6 axb6 26. Ra8 Rf7 (26... f5 $142 27.
Nf3 Re7 $16) 27. Qc3 f5 28. Nf3 {It's very difficult to defend such a position
with many weaknesses and Black makes a serious mistake, allowing his opponent
to start concrete actions.} Nd7 $2 (28... Re7 29. Qb2 $1 e4 30. Nd4 Rb7 $16)
29. Ng5 Re7 30. Qb4 $1 $18 ({Or} 30. Ne6 Rde8 31. h6 g6 32. Qb4 $18 {with a
similar idea to trade the most important piece in Black's defence.}) 30... Qf6
({The pin on the back rank is fatal for Black in the ednagem as well.} 30...
Qxb4 31. Rxb4 h6 (31... Rde8 32. d6 $18) 32. Ne6 Rde8 33. Nc7 Rf8 34. Nb5 $18 {
[%cal Gb5d6]}) 31. Ne6 Rde8 (31... Rxe6 32. dxe6 Qxe6 33. Rd1 $18) 32. Nc7 Rf8
33. d6 Ref7 34. Nd5 Qg5 35. Ne7+ Kh8 36. Rxc8 e4 37. Rxf8+ Rxf8 38. Qb5 Nc5 39.
Qxb6 f4 40. Qc6 e3 41. fxe3 1-0

[Event "Budapest zt 1.4"]
[Site "Budapest"]
[Date "2000.06.23"]
[Round "7"]
[White "Delchev, Aleksander"]
[Black "Mrva, Martin"]
[Result "0-1"]
[WhiteElo "2560"]
[BlackElo "2426"]
[Annotator "Rogozenco,D"]
[PlyCount "54"]
[EventDate "2000.06.17"]
[EventType "swiss"]
[EventRounds "9"]
[EventCountry "HUN"]
[SourceTitle "CBM 078"]
[Source "ChessBase"]
[SourceDate "2000.10.18"]
[SourceVersion "1"]
[SourceVersionDate "2000.10.18"]
[SourceQuality "1"]

{[%mdl 64]} 1. e4 c5 2. c3 d6 3. d4 Nd7 4. Nf3 e6 5. Bd3 Be7 6. O-O b6 7. Bf4
Bb7 8. Nbd2 Rc8 9. Re1 $2 {It's curious that such an obvious developing move
like Re1 is a tactical blunder.} {[%tqu "En","Please find a way to exploit
White's mistake (9.Re1?).","By playing Re1 White took away the only available
square for his Knight on f3 and Black is able to use it. How?","","g7g5","",10]
} g5 $1 {[%cal Rg5g4]} 10. Nxg5 (10. Bg3 g4 11. dxc5 bxc5 $1 12. e5 d5 $1 $19 (
12... gxf3 $2 13. exd6 {followed by Nxf3 gives White some compensation for the
piece.})) 10... Bxg5 $17 {/-+.} 11. Bxd6 Be7 {Although White has two pawns for
the piece, it is not enough compensation and with the accurate play Black
should win.} 12. Nc4 {It only helps Black. Every piece swap is in Black's
favour, of course.} (12. Bg3 $142 {would heve kept some chances to exploit
development advantage.}) 12... b5 $19 13. Bxe7 Kxe7 14. Nd2 Qb6 15. a4 cxd4 16.
Bxb5 Ne5 17. Qh5 dxc3 18. bxc3 (18. Qxe5 cxd2 19. Qg5+ Nf6 20. e5 dxe1=Q+ 21.
Rxe1 Kd8 22. Qxf6+ Kc7 23. Qxf7+ Kb8 $19) 18... Rc5 $1 19. Nb3 Nf6 20. Qh3 Rcc8
21. Nd4 Rhg8 22. Bf1 Bxe4 23. Rxe4 Nxe4 24. Re1 Rxc3 25. Qh4+ Ng5 26. Nf5+ exf5
27. Rxe5+ Kf8 0-1